header

The utopia reader (Record no. 63115)

MARC details
000 -LEADER
fixed length control field 01173nam a2200313 a 4500
082 04 - DEWEY DECIMAL CLASSIFICATION NUMBER
Classification number 809/.93372
245 04 - TITLE STATEMENT
Title The utopia reader
260 ## - PUBLICATION, DISTRIBUTION, ETC. (IMPRINT)
Place of publication New York :
Name of publisher New York University Press,
Year of publication c1999.
300 ## - PHYSICAL DESCRIPTION
Number of Pages xiii, 421 p.
650 #0 - SUBJECT ADDED ENTRY--TOPICAL TERM
Topical Term Utopias.
700 1# - ADDED ENTRY--PERSONAL NAME
Personal name Claeys, Gregory.
Personal name Sargent, Lyman Tower,
856 40 - ELECTRONIC LOCATION AND ACCESS
Uniform Resource Identifier http://site.ebrary.com/lib/rucke/Doc?id=10032489

No items available.

© 2026 Rongo University
Contact us: librarian | system librarian | Rongo university